header

Post-incident recovery considerations of the health care service delivery infrastructure (Record no. 97254)

MARC details
000 -LEADER
fixed length control field 01676nam a2200337Ia 4500
245 00 - TITLE STATEMENT
Title Post-incident recovery considerations of the health care service delivery infrastructure
260 ## - PUBLICATION, DISTRIBUTION, ETC. (IMPRINT)
Place of publication Washington, D.C. :
Name of publisher National Academies Press,
Year of publication 2012.
300 ## - PHYSICAL DESCRIPTION
Number of Pages 27 p.
650 #0 - SUBJECT ADDED ENTRY--TOPICAL TERM
Topical Term Medical care
Topical Term Health services administration
700 1# - ADDED ENTRY--PERSONAL NAME
Personal name Wizemann, Theresa M.
Personal name Altevogt, Bruce M.
856 40 - ELECTRONIC LOCATION AND ACCESS
Uniform Resource Identifier http://site.ebrary.com/lib/rucke/Doc?id=10606339

No items available.

© 2026 Rongo University
Contact us: librarian | system librarian | Rongo university